Union of Comoros : Request for a Staff-Monitored Program-Press Release; and Staff Report.

Comoros is a small, fragile island state (population: 850,000) with persistently low and shock-prone growth. The last Article IV Consultation (completed in early 2020) assessed Comoros' fragility as arising from two vicious circles: economic fragility manifests in low fiscal revenue, insufficie...

Celý popis

Podrobná bibliografie
Korporativní autor: International Monetary Fund. African Dept
Médium: Časopis
Jazyk:English
Vydáno: Washington, D.C. : International Monetary Fund, 2021.
Edice:IMF Staff Country Reports; Country Report ; No. 2021/235
Témata:
On-line přístup:Full text available on IMF
LEADER 01899cas a2200277 a 4500
001 AALejournalIMF022147
008 230101c9999 xx r poo 0 0eng d
020 |c 5.00 USD 
020 |z 9781513598086 
022 |a 1934-7685 
040 |a BD-DhAAL  |c BD-DhAAL 
110 2 |a International Monetary Fund.  |b African Dept. 
245 1 0 |a Union of Comoros :   |b Request for a Staff-Monitored Program-Press Release; and Staff Report. 
264 1 |a Washington, D.C. :  |b International Monetary Fund,  |c 2021. 
300 |a 1 online resource (65 pages) 
490 1 |a IMF Staff Country Reports 
500 |a <strong>Off-Campus Access:</strong> No User ID or Password Required 
500 |a <strong>On-Campus Access:</strong> No User ID or Password Required 
506 |a Electronic access restricted to authorized BRAC University faculty, staff and students 
520 3 |a Comoros is a small, fragile island state (population: 850,000) with persistently low and shock-prone growth. The last Article IV Consultation (completed in early 2020) assessed Comoros' fragility as arising from two vicious circles: economic fragility manifests in low fiscal revenue, insufficient government investment in human and physical capital, and pronounced vulnerability to shocks; while institutional fragility manifests in governance challenges, low government implementation capacity, and a weak judicial system. The circles feed into each other, undermining economic performance and stability. Overcoming fragility requires breaking both circles. 
538 |a Mode of access: Internet 
650 7 |a International Agreements and Observance  |2 imf 
650 7 |a International Organizations  |2 imf 
650 7 |a Monetary Policy  |2 imf 
830 0 |a IMF Staff Country Reports; Country Report ;  |v No. 2021/235 
856 4 0 |z Full text available on IMF  |u http://elibrary.imf.org/view/journals/002/2021/235/002.2021.issue-235-en.xml  |z IMF e-Library